LDR 00901naa#a2200181#i#450# 001 RU\INFRA-M\bibl\116451 005 20260419000902.7 011 ## _a2500-0500 100 ## _a20260303b2026####ek#y0rusy0150####ca 102 ## _aRU 200 1# _aПоддержка рождаемости и укрепление семейных ценностей в Арктической зоне Российской Федерации в условиях климатических изменений _eЖурнальная статья 210 1# _aМосква _cОбщество с ограниченной ответственностью «Научно-издательский центр ИНФРА-М» _d2026 215 ## _a4 с. 608 ## _aЖурнальная статья _2local 675 ## _aСоциология. 316 _z 700 #1 _aКалинкина _gМ. А. 700 #1 _aВоротников _gА. М. 856 4# _anaukaru.ru _u